[Event "Stuttgart-chB int"]
[Site "Ditzingen"]
[Date "2006.05.25"]
[Round "2"]
[White "Haak, Tillmann"]
[Black "Haller, David"]
[Result "1-0"]
[WhiteElo "1835"]
[BlackElo "1388"]
[PlyCount "39"]
[EventDate "2006.05.25"]
[EventType "swiss"]
[EventRounds "7"]
[EventCountry "GER"]
[SourceTitle "EXT 2018"]
[Source "ChessBase"]
[SourceDate "2017.10.13"]
[SourceVersion "1"]
[SourceVersionDate "2017.10.13"]
[SourceQuality "1"]

1. e4 e5 2. Bc4 Nf6 3. Nc3 Bc5 4. d3 h6 5. Nge2 Nc6 6. 0-0 d6 7. h3 0-0 8. Na4 Bb6 9. Nxb6 axb6 10. a3 Nh7 11. f4 exf4 12. Nxf4 Ne5 13. Bb3 Kh8 14. Be3 Ng5 15. Qh5 Ne6 16. d4 Nxf4 17. Bxf4 Nc6 18. Bxh6 gxh6 19. Qxh6+ Kg8 20. Rf3 1-0